Історія Стародавнього Сходу (Запис № 329423)

МАРК-запис
000 -Лідер
fixed length control field 00836nam a22002657a 4500
001 - Контрольний номер
control field 43293
003 - Ідентифікатор контрольного номера
control field UA-OsUOA
005 - Дата та час останнього входження (трансакції)
control field 20220912154744.0
007 - Фіксоване поле фізичного опису
fixed length control field ta
008 - Елементи даних фіксованої довжини – загальна інформація
fixed length control field 20061219b un ||||| |||| 00| 0 ukr d
020 ## - Міжнародний стандартний книжковий номер (ISBN)
Міжнародний стандартний книжковий номер (ISBN) (НП) 9660604149
040 ## - Джерело каталогізації
Агенція оригінальної каталогізації UA-OsUOA
Мова каталогізації ukr
Агенція, яка здійснювала перезапис UA-OsUOA
Агенція, яка здійснювала модифікацію UA-OsUOA
041 ## - Код мови
Код мови тексту/ звукової доріжки чи окремого заголовка (П) ukr
080 ## - Індекс Універсальної десяткової класифікації
Індекс Універсальної десяткової класифікації (УДК) (НП) 94(35)(075.8)
090 ## - Локальний шифр розміщення
Класифікаційний індекс УДК 94(35)(075.8)
Авторський знак (НП) К82
100 ## - Основне введення – ім’я особи
Ім’я особи (НП) Крижанівський О. П.
245 ## - Відомості про назву
Назва (НП) Історія Стародавнього Сходу
Решта назви (НП) підручник
Дані про відповідальність (НП) О. П. Крижанівський
250 ## - Відомості про видання (редакцію)
Відомості про видання (редакцію) (НП) 3-тє вид., стереотип.
260 ## - Публікація, розповсюдження і т.п. (Вихідні дані)
Місце публікації, розповсюдження і т.п. (П) К.
Ім’я/ наймення видавництва, розповсюджувача і т.п. (П) Либідь
Дата публікації, розповсюдження і т.п. (П) 2006
300 ## - Фізичний опис
Обсяг 592 с.
650 #7 - Додаткове предметне введення – тематичний термін
Тематичний термін чи географічна назва, як елемент введення (НП) 9 Географія. Біографії. Історія
Джерело заголовка чи терміна UDC
942 ## - Додаткові елементи входу (Коха)
Тип елемента Koha Книги
Source of classification or shelving scheme Universal Decimal Classification
955 ## - Код типу видання за змістом
Код типу видання за змістом (НП) Навчальні видання
Фонди
Стан вилучень Стан втрат Джерело класифікації або схеми стелажів Стан уражень Не для кредиту Постійне місце розташування Поточне розміщення Дата придбання Джерело придбання Вартість, звичайна ціна покупки Інвентарний номер Усього замовленно Повний номер виклику Штрих-код Дата останнього перегляду Ціна ефективна від Тип елемента Koha Дата останньої перевірки Вартість, ціна заміни
    Universal Decimal Classification     АБ - Абонемент НБ АБ - Абонемент НБ 22/02/2010 12/2010 20.00 126554 6 94(35)(075.8) К82 126554 03/04/2026 19/12/2006 Книги 29/09/2025  
    Universal Decimal Classification     АБ - Абонемент НБ АБ - Абонемент НБ 12/09/2020   11.05   2 94(35)(075.8) К82 23214 06/06/2025 12/09/2020 Книги 29/05/2025 11.05
    Universal Decimal Classification     ЧЗ - Читальна зала ЧЗ - Читальна зала 19/12/2006 155/2006 15.90 102106   94(35)(075.8) К82 102106 07/02/2022 19/12/2006 Книги    
    Universal Decimal Classification     ЧЗ - Читальна зала ЧЗ - Читальна зала 19/12/2006 155/2006 15.90 102107   94(35)(075.8) К82 102107 07/02/2022 19/12/2006 Книги    
    Universal Decimal Classification     ЧЗ - Читальна зала ЧЗ - Читальна зала 19/12/2006 155/2006 15.90 102108   94(35)(075.8) К82 102108 07/02/2022 19/12/2006 Книги    
    Universal Decimal Classification     ЧЗ - Читальна зала ЧЗ - Читальна зала 19/12/2006 155/2006 15.90 102109   94(35)(075.8) К82 102109 07/02/2022 19/12/2006 Книги    
    Universal Decimal Classification     ЧЗ - Читальна зала ЧЗ - Читальна зала 19/12/2006 155/2006 15.90 102110 4 94(35)(075.8) К82 102110 22/11/2024 19/12/2006 Книги 17/11/2024  
    Universal Decimal Classification     ЧЗ - Читальна зала ЧЗ - Читальна зала 15/08/2008 102/2008 16.00 114493   94(35)(075.8) К82 114493 07/02/2022 19/12/2006 Книги